Statistics for Summer Olympics - Field Hockey

Click here to take the quiz!

General Stats

  • This quiz has been taken 155 times
    (96 since last reset)
  • The average score is 11 of 16

Answer Stats

# Answer % Correct
10Netherlands
96%
8Germany
94%
9Australia
88%
1Argentina
86%
1New Zealand
85%
4Spain
85%
2Belgium
80%
11India
76%
1United States
75%
6Great Britain
73%
8Pakistan
68%
1Japan
64%
1South Korea
58%
1Soviet Union
47%
3West Germany
36%
1Denmark
33%

Score Distribution

Percentile by Number Answered

Percent of People with Each Score

Your Score History

You have not taken this quiz since the last reset